| 000 -LEADER | |
|---|---|
| fixed length control field | 00400nam a22001697a 4500 |
| 005 - DATE AND TIME OF LATEST TRANSACTION | |
| control field | 20230120132234.0 |
| 008 - FIXED-LENGTH DATA ELEMENTS--GENERAL INFORMATION | |
| fixed length control field | 160701b xxu||||| |||| 00| 0 eng d |
| 020 ## - INTERNATIONAL STANDARD BOOK NUMBER | |
| ISBN | 978-93-272-5232-3 |
| 041 ## - LANGUAGE CODE | |
| Language code of text/sound track or separate title | eng |
| 082 ## - DEWEY DECIMAL CLASSIFICATION NUMBER | |
| Item number | SIN-P |
| Classification number | 631.52 |
| 100 ## - MAIN ENTRY--AUTHOR NAME | |
| Personal name | singh B D |
| 245 ## - TITLE STATEMENT | |
| Title | Plant Breeding Principles & Methods |
| 260 ## - PUBLICATION, DISTRIBUTION, ETC. (IMPRINT) | |
| Name of publisher | Kalyani |
| 300 ## - PHYSICAL DESCRIPTION | |
| Number of Pages | 828 |
| 650 ## - SUBJECT ADDED ENTRY--TOPICAL TERM | |
| Topical Term | Agriculture |
| 942 ## - ADDED ENTRY ELEMENTS (KOHA) | |
| Koha item type | Books |
| Lost status | Damaged status | Collection code | Home library | Current library | Shelving location | Date acquired | Cost, normal purchase price | Full call number | Accession Number | Koha item type |
|---|---|---|---|---|---|---|---|---|---|---|
| AGRICULTURE | JRU Library | JRU Library | SHELF-46-E | 01/07/2016 | 425.00 | 20408 | 20408 | Books | ||
| AGRICULTURE | JRU Library | JRU Library | SHELF-46-E | 01/07/2016 | 425.00 | 20408 | 20409 | Books | ||
| AGRICULTURE | JRU Library | JRU Library | SHELF-46-E | 01/07/2016 | 425.00 | 20408 | 20410 | Books | ||
| AGRICULTURE | JRU Library | JRU Library | SHELF-46-E | 01/07/2016 | 425.00 | 20408 | 20411 | Books | ||
| AGRICULTURE | JRU Library | JRU Library | SHELF-46-E | 01/07/2016 | 425.00 | 20408 | 20412 | Books |